[Event "Redbus KO"]
[Site "Southend"]
[Date "2002.03.31"]
[Round "3.2"]
[White "Lalic, Bogdan"]
[Black "Rowson, Jonathan"]
[Result "1-0"]
[WhiteElo "2523"]
[BlackElo "2512"]
[Annotator "McShane,L"]
[PlyCount "85"]
[EventDate "2002.03.29"]
[EventType "k.o."]
[EventRounds "4"]
[EventCountry "ENG"]
[SourceTitle "CBM 089"]
[Source "ChessBase"]
[SourceDate "2002.08.12"]
[SourceVersion "1"]
[SourceVersionDate "2002.08.12"]
[SourceQuality "1"]

1. Nf3 d5 2. d4 Bf5 3. c4 e6 4. Nc3 c6 5. Qb3 Qb6 6. c5 Qc7 7. Bf4 Qc8 8. Nh4
Bg4 9. h3 Bh5 10. g4 Be7 11. Bg3 Bg6 12. Nxg6 hxg6 13. e4 Nf6 14. exd5 Nxd5 15.
Ne4 Nf6 16. Nxf6+ Bxf6 17. O-O-O a5 18. h4 Na6 19. Bc4 a4 20. Qe3 Nb4 21. f4
Qd7 22. Kb1 Nd5 23. Qf3 b5 24. cxb6 Nxb6 25. Bd3 O-O (25... Qxd4 $5 26. Qxc6+
Kf8 {might have offered better chances, though with the king on f8 Black must
stand worse.}) 26. g5 Bxd4 27. h5 {White's attack will hit home first.} Rfb8
28. hxg6 Nd5 29. gxf7+ Kf8 (29... Qxf7 30. Bh7+ Kf8 31. Rxd4 {wins easily.})
30. Rh8+ Ke7 ({After} 30... Kxf7 {the cleanest win is} 31. Bg6+ $1 Kxg6 32. f5+
$1 Kf7 (32... exf5 33. Qh5#) (32... Kxg5 33. Bh4#) 33. fxe6+ Kxe6 34. Qe4+ Kf7
35. g6+ Kf6 36. Bh4#) 31. Re8+ $1 {This deflection destroys Black's
coordination for a key move.} Rxe8 32. fxe8=Q+ Qxe8 33. Be4 Ba7 34. f5 {
Now Black should be blown away, but there was still one twist left...} Qf7 35.
Qa3+ Ke8 36. Qxa4 Qb7 37. Bxd5 exd5 38. Rxd5 $2 {Anything else would win
immediately, but this almost throws the win away.} Bd4 $1 {This startling move
prevents check on both e4 and e5. Sadly, White is probably still winning.} 39.
Qxd4 cxd5 40. Qe5+ Kf8 (40... Qe7 41. Qxd5 Rd8 42. Qe5 {ought to win for White
again, but after the move played we see a beautiful concept.}) 41. Qe6 $1 {
Threatening 42.Bd6+} Qf7 42. Bd6+ Kg8 43. g6 $1 (43. g6 Qxe6 44. fxe6 {and
Black's pieces are totally dominated. After e6-e7, the black rook is
restricted to the back rank and White can advance on the queenside at leisure.
If} Rc8 45. e7 d4 46. Bc7 $1 d3 47. Bd8 {leads to mate.}) 1-0

[Event "Metz op 31th"]
[Site "Metz"]
[Date "2013.04.23"]
[Round "6"]
[White "Nisipeanu, Liviu Dieter"]
[Black "Gharamian, Tigran"]
[Result "1/2-1/2"]
[WhiteElo "2677"]
[BlackElo "2663"]
[Annotator "Metz Alekhine/Primel,D"]
[PlyCount "46"]
[EventDate "2013.04.20"]
[EventType "swiss"]
[EventRounds "9"]
[EventCountry "FRA"]
[SourceTitle "EXT 2016"]
[Source "ChessBase"]
[SourceDate "2015.10.08"]
[SourceVersion "1"]
[SourceVersionDate "2015.10.08"]
[SourceQuality "1"]
[TimeControl "40/5400:1800+30"]
[WhiteClock "1:30:00"]
[BlackClock "1:30:00"]

1. d4 d5 2. c4 c6 3. Nf3 Nf6 4. e3 Bg4 (4... Bf5) 5. h3 Bxf3 6. Qxf3 e6 7. Bd3
Bd6 {88} (7... Bb4+) 8. Nc3 Nbd7 9. cxd5 $1 {[%csl Rd7]} cxd5 {84} (9... exd5 {
Plus naturel après avoir joué Nbd7} 10. g4 $5 (10. Bd2)) 10. O-O O-O {
56  Joué après une longue réflexion alors que la position est pourtant
toujours théorique} (10... Rc8 11. e4 dxe4 12. Nxe4 Nxe4 13. Qxe4 Rc7 14. Qg4
Kf8 15. Bd2 $14 {[%csl Gd2,Gd3,Rf8] ;Caruana,F (2662)-Sulskis,S (2568) EU-chT 
(Men) 17th 2009 (6) 1/2-1/2}) 11. e4 (11. Bd2 Rc8 12. Rac1 Bb4 {Kuzubov,Y 
(2578)-Zhang,P (2643) ESP-chT Honor Gp1 2008 (4) 1/2-1/2}) 11... e5 $5 $146 {
[%eval 0,0] 54  Le fruit de la longue réflexion du coup précédent du
français et il n'agit probablement pas d'une préparation maison mais c'est
un peu risqué d'ouvrir le centre face à la paire de B} (11... dxe4 {La
grande ligne} 12. Nxe4 Nxe4 13. Qxe4 Nf6 14. Qxb7 Bc7 15. Rd1 {Aronian,L (2754)
-Fressinet,L (2664) FRA-ARM m Paris rapid 2009 (4) 1-0}) 12. Nxd5 Nxd5 13. exd5
exd4 14. Qe4 {[%cal Ge4d4,Ge4h7]} Nf6 15. Qxd4 Re8 16. Rd1 (16. Bg5 {[%csl Gd3,
Gg5,Rh7][%cal Gd4h4]} Be5 17. Qh4 h6 18. Bxh6 $5 gxh6 19. Qxh6 Qxd5 20. Qg5+
Kf8 21. Qh6+ Ke7 22. Rfe1 Rad8 23. f4 $36) 16... Re5 17. Qc4 Qb6 (17... Nxd5
18. f4 Qb6+ 19. Kh1 Ne3 $13) 18. Bf4 Rxd5 $1 {Provoque des simplifications qui
vont conduire à une nulle rapide} 19. Bxh7+ $5 {Gagne un P mais les Noirs
sont OK} Kxh7 20. Rxd5 Nxd5 21. Qxd5 Bxf4 22. Qf5+ Kg8 23. Qxf4 Qxb2 1/2-1/2

[Event "Carlos Torre Memorial op 16th"]
[Site "Merida"]
[Date "2003.12.15"]
[Round "4"]
[White "Milov, Vadim"]
[Black "Luther, Thomas"]
[Result "1-0"]
[WhiteElo "2574"]
[BlackElo "2580"]
[Annotator "Milov,V"]
[PlyCount "57"]
[EventDate "2003.12.12"]
[EventType "swiss"]
[EventRounds "9"]
[EventCountry "MEX"]
[SourceTitle "CBM 097 Extra"]
[Source "ChessBase"]
[SourceDate "2004.01.13"]
[SourceVersion "1"]
[SourceVersionDate "2004.01.13"]
[SourceQuality "1"]

{[%mdl 1]} 1. d4 d5 2. c4 c6 3. Nf3 Nf6 4. e3 a6 {Not a long time ago people
were laughing at such moves but now it became very popular and it seems that
hardly anyone knows how to get an advantage in the lines 4.Nc3 a6, 3.Nc3 Nf6 4.
e3 a6 or the one that happened in our game.} 5. Bd3 Bg4 6. Qb3 ({and after} 6.
Nbd2 e6 7. O-O Nbd7 {there is no clear path for White to get an advantage, e.g.
} 8. b3 Bd6 9. h3 Bf5 10. Qc2 Bxd3 11. Qxd3 O-O 12. Bb2 Qe7 {was about equal
in Gurevich,M-Fressinet,L/Belfort 2003}) 6... Bxf3 7. gxf3 Ra7 {This move
doesn`t look very attractive and indeed more often Black prefers more natural
7...Qc7. Justification of 7...Ra7, which is in my opinion not bad at all, is
that rook can come into play along the 7th rank after b7-b5 or, as the
position remains closed it wouldn`t be a big problem for Black to lose time
playing Ra7-a8 some day. I think in this moment none of us could imagine that
this rook would stay on a7 for the rest of the game!} ({The above mentioned} 
7... Qc7 {occurred in several games. In Van Wely-Bareev, Amber, 2003, after} 8.
Nc3 e6 9. Bd2 Be7 10. Rc1 (10. c5 $5) 10... dxc4 11. Bxc4 Nbd7 12. Be2 O-O {
Black achieved a satisfactory position}) 8. Nc3 e6 9. c5 (9. Bd2 {would allow}
dxc4 10. Bxc4 b5 {followed by 11...c5}) 9... Nbd7 10. Bd2 ({if White would try
to close the center by} 10. f4 {then} b6 11. cxb6 Nxb6 12. Na4 Nxa4 13. Qxa4
Qd7 {and Black is ready to play c6-c5}) 10... e5 ({now} 10... b6 {is more
problematic for Black:} 11. cxb6 Nxb6 (11... Qxb6 $142 12. Qxb6 Nxb6 13. Ne2
$14) 12. Na4 Nxa4 13. Qxa4 Qd7 14. b4 $16) 11. Qc2 {So what is the White`s
plan here? I want to castle long and thanks to the open "g"-file try to create
some threats against the black king.} g6 12. f4 $6 {I didn`t see the
difference between this move and 12.0-0-0, that I was going to play next.} ({
Still,} 12. O-O-O {would be preferrable as White is not obliged to play f3-f4
in some variations:} b6 (12... Bh6 $6 {(hoping after 13.f4 to transpose to the
position we had in the game)} 13. dxe5 Nxe5 14. Be2 O-O 15. Na4 Bg7 16. Bc3 Qe7
17. h4 $16 {and the difference between this position and the one that happened
in the game is obvious here}) (12... Bg7 13. f4) 13. cxb6 Qxb6 14. Kb1 {
and White is slightly better}) 12... exd4 13. exd4 Bh6 $1 {This is the reason
why I should have preferred to castle on move 12. After the dark-squared
bishops are exchanged White will lack an important piece in the attack.} ({
I was only counting on} 13... Bg7 14. O-O-O O-O 15. f5 b6 16. cxb6 Qxb6 17. Na4
Qc7 18. Kb1 Nh5 19. Be3 {with some advantage for White}) 14. O-O-O O-O 15. f5
Bxd2+ 16. Qxd2 Nh5 {Due to control over the dark squares Black has a
satisfactory position.} (16... b6 {was the other option although it involved
more risk:} 17. cxb6 Qxb6 18. Qh6 Rb8 19. Rd2 c5 20. Rg1 Nf8 {with the unclear
position} (20... cxd4 21. fxg6 fxg6 22. Bxg6 hxg6 23. Rxg6+ Kf7 24. Rg7+ Ke6
25. Re2+ Ne5 (25... Kd6 26. Qf4+ Kc5 27. Na4+) 26. f4 {winning})) 17. Rhg1 ({or
} 17. h4 Qf6 18. Ne2 Raa8 19. Rdg1 Kh8 {and it`s also doubtful whether White
can reach anything on the Kingside}) 17... Qh4 $6 {It seems that Thomas
overestimates his position.} (17... Qf6 {defending the g6-pawn was better:} 18.
Rg4 Ng7 19. Rdg1 Nxf5 20. Rf4 Kh8 21. Bxf5 gxf5 22. Qd3 Rg8 23. Rxg8+ Kxg8 24.
Rxf5 Qh6+ 25. Kc2 Ra8 $1 {Finally bringing the rook into play Black manages to
hold the balance.}) 18. Kb1 {aimed against 18...Qd4 which is now refuted by 19.
fg fg 20.Bg6 and White wins.} Ndf6 $2 {Black is bringing the knight to the
defence and black position seems indeed very solid but now surprisingly Black
gets under smashing attack.} ({or} 18... Nf4 19. Bc2 Nf6 (19... Raa8 20. f3 Nf6
21. Rg4 $18) 20. f3 g5 21. Qe1 $16) (18... Qf6 {was still the best defence.})
19. fxg6 fxg6 20. Bxg6 $1 {there is no sense to sit and wait until Black plays
Ra7-a8 and consolidates all his pieces.} hxg6 21. Qh6 {Black has many pieces
around his king but some of them are so ackwardly placed, especially the
pinned knight on h5 and the queen on h4 that the black king is forced to leave
his safe heaven and tries to save himself in the middle of the board.} Kf7 (
21... Nh7 22. Rxg6+ Kh8 23. Rg7 $18) (21... Qf4 22. Rxg6+ (22. Qxg6+ $2 Kh8 23.
Rg5 Qc7) 22... Kf7 23. Rg7+ Ke8 24. Re1+ Kd8 25. Rg5 Rf7 (25... Re8 26. Ree5 $3
{preparing 27.Rh5 Nh5 28.Qd6} Qxh2 27. Rxh5 Qg1+ 28. Kc2 Qxf2+ 29. Kb3 Rxe5 30.
Rxe5 Nd7 31. Rg5 $18) 26. Qh8+ Kc7 27. Rge5 {and Black is helpless against the
numerous threats, for example:} Ng7 (27... Qxh2 28. Na4) 28. Re7+ Nd7 29. Qg8
Rxe7 30. Rxe7 Qxd4 31. Qxg7 Qxg7 32. Rxg7 $18) 22. Qxg6+ (22. Rxg6 {would have
been a mistake in a view of} Qxf2) 22... Ke7 23. Rde1+ Kd8 (23... Kd7 {is not
better:} 24. Qf5+ Kd8 25. Qe6 Ne8 (25... Nd7 26. Rg8 Qxf2 (26... Ra8 27. Nxd5
$1 cxd5 28. Rxf8+ Nxf8 29. Qb6+ Kc8 30. c6 $18) 27. Qe8+ $1 Kc7 28. Rxf8 Qxf8
29. Qxh5 $18) 26. Qe5 Ra8 27. Nxd5 $3 cxd5 28. Qxd5+ Kc8 (28... Kc7 29. Rg5 {
/\30.Re7}) 29. c6 Kb8 (29... bxc6 30. Rxe8+ $1 Rxe8 (30... Kc7 31. Qe5+ Kb7 32.
Re7+) (30... Kb7 31. Qd7+ Kb6 32. Re3) 31. Qxc6+ Kb8 32. Qb6+ Kc8 33. Rc1+ Kd7
34. Rc7+ Kd8 35. Qd6#) 30. cxb7 Ra7 31. Qc5 Rxb7 32. Qxf8 Rxb2+ 33. Ka1 $1 Nhf6
34. Rxe8+ Nxe8 35. Qxe8+ {winning}) 24. Qh6 {White has to hurry before Black
manages to bring his a7-rook into play.} Rf7 $2 {This so obvious move loses by
force.} (24... Re8 {is not sufficient:} 25. Rxe8+ Nxe8 26. Rg8 $18) (24... Nd7
{was the toughest defence after which it`s very difficult for White to keep
the initiative.} {The computer now likes} 25. Qh7 $1 {creating threats along
the 7th rank and it looks like Black has to give up his knight on h5.} ({worse
} 25. Na4 Qxd4 26. Nb6 Nhf6 {and White has no compensation for a piece}) (25.
Rg3 Ra8 26. Rge3 Qg4 27. Na4 Nhf6 28. Nb6 Rf7 {is unclear as well}) 25... Qxf2
{probably the best defence} (25... Kc7 {loses to} 26. Rg7 Rd8 27. Ree7 Qh3 28.
Kc2 $1 {preventing Qf1+} b5 (28... b6 29. Na4) 29. Rgf7 Kc8 30. Ne2 Qg4 31. h3
Qxh3 32. Rf5 Nf8 (32... Qg2 33. Qxh5 Nf6 34. Qf7) 33. Rxf8 Rxf8 34. Rxa7 Qf5+
35. Kd2 $18) (25... Ra8 26. Na4 Kc7 27. Nb6 Rad8 28. Rg7 Qh3 29. Rxd7+ Rxd7 30.
Nxd7 Qf5+ 31. Qxf5 Rxf5 32. Re7 Kd8 33. Rh7 Rxf2 34. Ne5 $18) (25... Qh3 26.
Rg5 Nf4 27. Qe7+ Kc7 28. Qd6+ Kc8 29. Na4 $18) (25... Qxd4 26. Qxh5 Qxf2 (26...
Nxc5 27. Rd1 Qh8 (27... Qf6 28. Nxd5) (27... Qf4 28. Nxd5 Qe4+ 29. Ka1 cxd5 30.
Rge1 Qc4 31. Rxd5+ Nd7 32. Qg5+ $18) 28. Qg5+ Kc8 (28... Qf6 29. Nxd5) 29. Qe7
Nd7 30. Rg7 Qh3 31. Na4 Qf5+ 32. Ka1 Rd8 33. Nb6+ $18) 27. Na4 Kc7 28. Qg5 Qf4
(28... Qxh2 29. Qe7) 29. Qxf4+ Rxf4 30. Rg7 Rxa4 (30... Kd8 31. Nb6 Nxc5 32.
Ree7 $18) 31. Ree7 Rh4 32. Rxd7+ Kc8 33. Rdf7 Rh8 34. h4 $18) 26. Qxh5 Qxd4 {
here White has a choice of 2 approximately equal options:} 27. Qg6 (27. Qg5+
Kc8 28. h4 (28. Re7 Qxc5 29. Rc1 d4 30. Nd5 Qd6 31. Rg7 a5 32. h4 Ra6 33. h5
Kb8) 28... Qxc5 (28... Nxc5 29. h5) 29. h5 d4 (29... b5 30. Ne2 Qf2 (30... Qd6
31. Nd4) 31. h6 Qf6 32. Qg7 Qxg7 33. Rxg7 Rb7 34. Nd4 c5 35. Nc6 $18) 30. Ne4
Qxg5 31. Rxg5 b5 (31... Kc7 32. Rg7) 32. Rd1 Nb6 33. Rxd4 Nd5 34. Rg6 Rc7 35.
Nc5 a5 36. Rd1 {with a big advantage}) 27... Qxc5 (27... Qf6 28. Qxf6+ Rxf6 29.
Rg8+ Rf8 30. Rxf8+ Nxf8 31. Na4 Ra8 32. Nb6 Rb8 33. h4 Nd7 34. Rg1 Nxc5 35.
Rg8+ Kc7 36. Na8+ $18) (27... Nxc5 28. Qd6+ Nd7 29. Qe7+ Kc8 30. Rg7 Rd8 31. h4
b5 32. h5 Rc7 (32... b4 33. Na4 Rh8 34. h6) 33. h6 Rh8 34. h7 Kb7 35. Ka1 a5
36. Rf7 a4 37. Qd6 $16) 28. Qe6 Qd4 {and now} {or} 29. Rg6 (29. Rg8 Rxg8 30.
Qxg8+ Kc7 31. Qg3+ Kd8 32. Ne2 (32. h4 Qf6) 32... Qf6 33. Nf4 b5 34. Ka1 $1 {
this modest move means the beginning of the decisive attack!} (34. Ne6+ Kc8 35.
Qd6 Nb8) 34... Kc8 (34... a5 35. a3 b4 36. Re6 Qd4 37. Rxc6 $18) 35. Re6 Qd8
36. Rxc6+ Rc7 37. Rxc7+ Qxc7 38. Qg8+ Kb7 39. Qxd5+) 29... Qd3+ (29... Ra8 30.
Qe7+ Kc8 (30... Kc7 31. Rd6 Rad8 32. Rxd7+) 31. Rd6 Rd8 32. Nxd5) (29... Kc7
30. Qd6+ Kc8 31. h4 Qc5 (31... Rd8 32. Qg3) (31... Qxh4 32. Rge6 Rd8 33. Nxd5
cxd5 34. Rc1+) 32. Qg3 b5 33. h5 (33. Ne2 $5) 33... Rc7 (33... Nf6 34. Re6 Raf7
35. Qe5) 34. h6 Kb7 (34... Nf6 35. Rxf6 Rxf6 36. h7 Rxh7 37. Qg8+) 35. h7 Rh8
36. Rg7 b4 37. Na4 Qd4 38. Ka1 c5 39. Rf7) 30. Ka1 Kc8 31. Rg8 Rxg8 32. Qxg8+
Kc7 33. Rc1 d4 (33... Nc5 34. b4 Nd7 35. Nxd5+ Kd6 36. Qg1 (36. Nc3 Kc7 37. h4
$16) 36... cxd5 (36... Ra8 37. Nb6) 37. Qxa7 Qd2 38. Qg1 $16) 34. Nd5+ Kd6 35.
Nf4 Qf5 36. Rf1 c5 37. h4 b6 (37... d3 38. Rf3) 38. h5 Kc6 39. Qg2+ Kb5 40. b3
a5 41. Qe2+ Kc6 42. Nd3 Qd5 43. h6 a4 44. b4 c4 45. b5+ Kb7 (45... Qxb5 46. h7)
46. Nb4 d3 47. Nxd5 dxe2 48. Re1 Ra8 49. Rxe2 Rh8 50. Re7 Kc8 51. h7 $18 {
and White wins. Probably the above seen lines don`t show all defensive
possibilities but from them we can see how dangerous White`s initiative is.})
25. Rg8+ $1 {appearance of this rook on the 8th rank means even more trouble
to the black king, moreover it means that the rook on a7 probably will never
come into play...} Kc7 (25... Nxg8 26. Qd6+ {with mate}) 26. Rf8 {putting the
rook in a more "comfortable" place and keeping to chase the black rook.} ({
when analysing the game I discovered another nice possibility for White:} 26.
Qh8 $5 Qh3 (26... Nxg8 27. Qe5+ Kc8 28. Na4 b5 29. Qe6+ Rfd7 30. Nb6+ Kb8 31.
Nxd7+) 27. Rb8 Qd7 28. Na4 {winning}) 26... Rh7 {allowing the beautiful final,
but there was no defence anyway.} (26... Rd7 27. Qh8 $18) (26... Rg7 27. Na4
Qxd4 28. Qh8 Qd3+ 29. Ka1 Qe4 30. Rc8+ Kd7 31. Nb6+) 27. Na4 $3 {Comes
completely unexpectedly. The knight suddenly is joining the mating attack.} ({
There was another winning option:} 27. Qg6 Rd7 28. Ree8 Nxe8 29. Qxe8 Rd8 30.
Qe5+ Kc8 31. Rf7 Rd7 32. Qf5 Qd8 33. Na4 $18 {but I like 27.Na4!! a lot more.})
27... Rxh6 (27... Qh3 28. Nb6 Rxh6 29. Re7+ {followed by 30.Rc8 mate.}) (27...
Qxf2 28. Qxh7+ Nxh7 29. Re7#) 28. Nb6 ({Here it was not too late for White to
make a mistake:} 28. Re7+ $2 Nd7 29. Nb6 {and it seems that there is no
defence against 30.Rc8 but...} Qe4+ $3 {still, White could make a draw after}
30. Kc1 Qe1+ 31. Kc2 Qe2+ 32. Kc1 Qc4+ 33. Kb1 Qf1+ {with a perpetual}) 28...
Qe4+ (28... Qh3 29. Re7+ {except the king and some pawns White used all his
pieces to deliver mate to the Black king.}) 29. Rxe4 1-0

[Event "Bundesliga 1516"]
[Site "Germany"]
[Date "2015.09.19"]
[Round "1.1"]
[White "Wagner, Dennis"]
[Black "Shirov, Alexei"]
[Result "0-1"]
[WhiteElo "2579"]
[BlackElo "2712"]
[Annotator "Mokal,P"]
[PlyCount "64"]
[EventDate "2015.09.18"]
[EventType "team-tourn"]
[EventRounds "15"]
[EventCountry "GER"]
[SourceTitle "EXT 2016"]
[Source "ChessBase"]
[SourceDate "2015.10.08"]
[SourceVersion "1"]
[SourceVersionDate "2015.10.08"]
[SourceQuality "1"]
[WhiteTeam "Hockenheim"]
[BlackTeam "Baden-Baden"]
[WhiteTeamCountry "GER"]
[BlackTeamCountry "GER"]

{Shirov's (relatively) best game of 2015.} 1. d4 d5 2. c4 c6 3. Nf3 Nf6 4. e3
Bg4 5. h3 Bh5 (5... Bxf3 {is a common alternative.}) 6. g4 Bg6 7. Ne5 {An
interesting move order which gained popularity in recent years. The idea is to
keep the option of Nd2 in hand alongwith the possibility of going into the
main lines with Nc3.} Nbd7 8. Nxg6 hxg6 9. Bg2 e6 (9... dxc4 10. Nd2 Nb6 {
is another option when White usually plays} 11. Qc2 {, recollects the pawn and
pushes with a slight advantage thanks to the double Bishops.}) 10. Nd2 Bd6 ({
The other way to play is to secure the f6-square for the Knight with} 10... g5)
11. O-O O-O {Shirov's novelty, and a provocative one.} 12. f4 c5 $5 {At first
s ight this typical breakthrough seems suicidal as it loses a pawn after g5,
but Shirov has seen much deeper.} 13. g5 Nh5 14. cxd5 exd5 15. Bxd5 cxd4 16.
Ne4 (16. exd4 $2 Nxf4 $17) (16. Nc4 Nb6 $1 $132 17. Nxd6 $143 $6 Nxd5 $17)
16... Nc5 $1 {This counter is an important part of Black's whole concept.} 17.
Nxd6 Qxd6 18. Qxd4 Rfd8 19. Rd1 (19. Bf3 Qb6 $132 {Black has more than enough
compensation for the pawn.}) 19... Ne6 {Upto this moment, it has almost been a
forced sequence from move 13.} 20. Qa4 $2 {This is actually the decisive
mistake. White takes the queen too far away from the action.} (20. Qe4 $142
Rac8 $44) 20... Nhxf4 $1 21. exf4 Qc5+ 22. Kh2 Rxd5 23. Rxd5 Qxd5 {Black has
won back the pawn and White has overextended on the Kingside, making his own
King vulnerable. It is hard to suggest anything for White now, other than
developing the remaining pieces, but...} 24. Be3 Nxg5 $1 {There is no respite.}
25. Qb3 (25. fxg5 $2 Qe5+ 26. Qf4 (26. Bf4 Qxb2+ $19) 26... Qxb2+ $19) 25...
Nf3+ 26. Kg3 Qe4 27. Rf1 $2 {Pushing away the Knight that has infiltrated deep
into White's territory seems like another natural thing to do, but again...} (
27. Rd1 {was relatively best.}) 27... Nh4 $1 {Black just doesn't allow White
to breathe.} 28. Kxh4 (28. Rf2 Nf5+ $19) (28. Rg1 Nf5+ 29. Kf2 Re8 30. Re1 Nh4
$19 {White cannot cover both the squares.}) 28... Rd8 29. Bc1 (29. Rd1 Rxd1 30.
Qxd1 Qxe3 31. Qf1 (31. Qg4 Qf2+ 32. Qg3 Qxb2 $19) 31... Kh7 $19 {and White is
almost in zugzwang. He can just watch as the Black King closes in.}) 29... g5+
$1 30. Kh5 (30. Kxg5 Rd3 31. Qb5 {would end up similar to the game after Qg2+})
30... Rd3 31. Qb5 Qe2+ 32. Kxg5 Qg2+ {White resigns before getting checkmated.
A powerful game from Shirov.} (32... Qg2+ 33. Kf5 (33. Kh4 Rxh3#) 33... Qg6+
34. Ke5 Qe6#) 0-1